000 00703nam a22002057a 4500
999 _c19618
_d19618
003 AR-CdUCM
008 190518b ||||| |||| 00| 0 spa d
040 _aMUNICIPALIDAD PROVINCIAL DEL CUSCO
_cBIBLIOTECA MUNICIPAL DEL CUSCO
082 _22ed
_a909 /
_bB84
100 _aBrom, Juan
_941063
245 _aEsbozo de historia universal /
260 _aMéxico D. F :
_bEdit. Grijalbo,
_c1966.
300 _a243 páginas ;
_bIlustraciones,
_c23 cm.
505 _aContenido: El reconocimiento - La prehistoria -- La antigüedad...
650 _aHistoria universal
_91423
650 _aLa historia
_941064
650 _aOrganización económica
_930742
942 _2ddc
_cLIBROS
945 _adavv
_d2019-05-18